000 00757nam a22001577a 4500
003 OSt
005 20160824160152.0
008 160824b xxu||||| |||| 00| 0 eng d
040 _cRUA
082 _aRUB SOU 2015 B514 Or.1
100 _99476
_aSOUN SOHHY; សួន សុភី
245 _aEffect of chemical fertilizer application on mature rubber clone pb 260 at cambodian rubber research institute, ប្រសិទ្ធភាពនៃការប្រើប្រាស់ជីគីមីលើកៅស៊ូផ្ដល់ផលក្លូន PB 260 នៅវិទ្យាស្ថានស្រាវជ្រាវកៅស៊ូកម្ពុជា
260 _aRUA
_bSOU
_c2015
300 _axiv,57p.
_bill.
_c29cm.
942 _2ddc
_cRUB
999 _c9125
_d9125